Staff management in library and information work / (Record no. 122822)

MARC details
000 -LEADER
fixed length control field 00731nam a22002417a 4500
005 - DATE AND TIME OF LATEST TRANSACTION
control field 20170124105916.0
010 ## - LIBRARY OF CONGRESS CONTROL NUMBER
LC control number A-822358
020 ## - INTERNATIONAL STANDARD BOOK NUMBER
Terms of availability 490.00
International Standard Book Number 8172245106
035 ## - SYSTEM CONTROL NUMBER
System control number A-822358
037 ## - SOURCE OF ACQUISITION
Source of stock number/acquisition Cen Lib/Ret
040 ## - CATALOGING SOURCE
Original cataloging agency DPL
Language of cataloging EN
082 ## - DEWEY DECIMAL CLASSIFICATION NUMBER
Classification number 023
Item number JOR
100 ## - MAIN ENTRY--PERSONAL NAME
Personal name Jordan, Peter
9 (RLIN) 106616
245 ## - TITLE STATEMENT
Title Staff management in library and information work /
Statement of responsibility, etc by Peter Jordan
246 ## - VARYING FORM OF TITLE
Remainder of title
260 ## - PUBLICATION, DISTRIBUTION, ETC. (IMPRINT)
Name of publisher, distributor, etc Jaico Publishing House
Date of publication, distribution, etc 1996
Place of publication, distribution, etc Bombay
270 ## - ADDRESS
City Bombay
Address 121, M. G. Road
Postal code 400023
300 ## - PHYSICAL DESCRIPTION
Extent xii, 264p.
Dimensions 24cm(Hb)
500 ## - GENERAL NOTE
General note includes bibliographical references and index
650 ## - SUBJECT ADDED ENTRY--TOPICAL TERM
Topical term or geographic name as entry element Library Science
9 (RLIN) 106617
650 ## - SUBJECT ADDED ENTRY--TOPICAL TERM
Topical term or geographic name as entry element Staff Appraisal
General subdivision
9 (RLIN) 106618
942 ## - ADDED ENTRY ELEMENTS (KOHA)
Source of classification or shelving scheme Dewey Decimal Classification
Koha item type English Books
Classification part 023
Call number suffix JOR
Holdings
Withdrawn status Lost status Damaged status Not for loan Collection code Home library Current library Date acquired Source of acquisition Cost, normal purchase price Total Checkouts Full call number Barcode Date last seen Copy number Cost, replacement price Price effective from Koha item type
      Not For Loan Reference Central Library Central Library 30/05/2015 Cen Lib/Ret 495.00   023 JOR A-822358 30/05/2015 1 495.00 30/05/2015 English Books

© Delhi Public Library
Hit Counter
free hit counter